| 000 | 00686cam a22002052 4500 | ||
|---|---|---|---|
| 001 | 0000000783 | ||
| 005 | 20151217151757.0 | ||
| 008 | 070220s xx 000 0 eng d | ||
| 020 |
_a1850750637 : _cKES 6,550 |
||
| 040 |
_aKABU _cKABU |
||
| 050 | 0 |
_aBS1225.2 _b.W49 1999 |
|
| 100 | 1 |
_aWhybray, R. N. _@0000149137 |
|
| 245 | 1 | 4 |
_aThe Making of the Pentateuch : _ba methodological study / _cR. N. Whybray. |
| 260 |
_aSheffield, England : _bSheffield Academic Press, _c1999. |
||
| 300 | _a263 p. | ||
| 630 | 0 | 0 |
_aBible. O.T. _pO.T. _pPentateuch. _xCriticism, interpretation, etc. _@0000149138 |
| 908 | _a070220 | ||
| 950 | _@1 | ||
| 999 |
_c4909 _d4909 |
||